Suècia : viatge de regidores i regidors del 28 de maig al 3 de juny de 2005 viatge de regidores i regidors del 28 de maig al 3 de juny de 2005
Descripción Física:
145 p. : gràf. ; 29 cm
Colección:
Dossier de retorn
MARC
| LEADER | 00000nam a2200000Ia 4500 | ||
|---|---|---|---|
| 001 | 21330 | ||
| 008 | 160829s2005 xx 000 0 cat d | ||
| 080 | |a S-1-282 | ||
| 245 | |a Suècia : |b viatge de regidores i regidors del 28 de maig al 3 de juny de 2005 | ||
| 260 | |a Barcelona : |b Diputació de Barcelona. Àrea de Benestar Social, |c 2005 | ||
| 300 | |a 145 p. : |b gràf. ; |c 29 cm | ||
| 490 | |a Dossier de retorn | ||
| 590 | |a Sense enquadernar | ||
| 650 | |a Funcionaris i empleats municipals |x Viatges |x Suècia |9 44544 | ||
| 710 | 1 | |a Barcelona (Catalunya : Província). |b Àrea de Benestar Social |9 52988 | |
| 901 | |a Arxiu | ||
| 942 | |n 1 | ||
| 952 | |0 0 |1 0 |4 0 |6 S1282 |7 1 |9 51985 |a Arxiu |b Arxiu |d 2016-12-01 |l 0 |o S-1-282 |p 21330 |r 2016-12-01 00:00:00 |w 2016-12-01 |y ARXIU | ||
| 999 | |c 55832 |d 55832 | ||